[Event "VII Sunway Sitges Open-TB 2020"]
[Site "Sitges"]
[Date "2020.12.23"]
[Round "2.1"]
[White "Nevednichy, Vladislav"]
[Black "Fier, Alexandr"]
[Result "0-1"]
[WhiteElo "2546"]
[BlackElo "2558"]
[Annotator "TA"]
[PlyCount "99"]
[EventDate "2020.12.13"]
[EventType "k.o."]
[EventCountry "ESP"]
[SourceTitle "playchess.com"]
[Source "ChessBase"]
[SourceQuality "1"]

{[%evp 9,99,14,36,0,0,-28,-25,-33,-36,-46,-51,-43,-30,-43,-37,-48,-41,-50,-48,-104,0,-4,-7,-7,-25,-15,30,22,28,29,26,-18,-18,-30,-22,-92,-6,0,0,-55,-39,-168,-172,-651,-639,-631,-590,-1704,-1675,-1616,-1616,-1616,-1616,-1605,-1586,-1616,-1605,-1427,-1318,-993,-599,-29952,-6684,-29959,-29957,-29969,-29970,-29974,-29973,-29973,-29974,-29974,-29975,-29975,-29976,-29976,-29977,-29977,-29978,-29978,-29979,-29979,-29980,-29980,-29981,-29983,-29984,-29984,-29985,-29985,-29986,-29986]} 1. e4 Nf6 2. e5 Nd5 3. d4 d6 4. Nf3 g6 5. h3 Bg7 6. Bb5+ {B04: Alekhine's Defence: 4 Nf3.} c6 7. Be2 dxe5 8. Nxe5 {Black has an edge.} O-O 9. O-O c5 {[#]} 10. Bf3 $146 ({Predecessor:} 10. Nf3 cxd4 11. Nxd4 Nc6 12. Nxc6 bxc6 13. c4 Nb6 14. Nc3 Be6 15. c5 Nd5 16. Bd2 Rb8 17. Qc1 {0-1 (35) Aydinalp,S (1793)-Darban,M (2300) Izmir 2017}) 10... Nb4 11. c3 cxd4 12. Nxf7 Rxf7 13. cxb4 Nc6 14. Qb3 (14. Re1 $15) 14... d3 ({Black should try} 14... Qd6 $1 $17 {Hoping for ...Be6.} 15. Nd2 Be6) 15. Bd5 e6 $1 {[%cal Re6d5]} 16. Bxc6 bxc6 17. Be3 Qd5 18. Nc3 Qxb3 19. axb3 e5 20. b5 cxb5 21. Nxb5 Be6 22. b4 {[#]} (22. Nd6 $11 {keeps the balance.}) 22... Bb3 (22... Rb7 $1 $17 {[%cal Rb7b5]} 23. Nxa7 Rxb4) 23. Ra3 Bc2 24. Rfa1 ({White should play} 24. Nd6 $11 Rc7 25. Ne4) 24... e4 25. Rxa7 {This move loses the game for White.} (25. Nd6 $15 Re7 26. Nc4) 25... Rfxa7 $19 26. Rxa7 (26. Nxa7 Bxb2 27. Ra5) 26... Rxa7 27. Nxa7 $15 {[%mdl 4096] Endgame [#] KBB-KBN} Bd4 $1 {[%cal Rd4e3][%mdl 512]} 28. Nb5 (28. Bxd4 d2) 28... Bxe3 29. fxe3 $19 {KB-KN} d2 30. Nc3 d1=Q+ 31. Nxd1 Bxd1 {KB-KP} 32. b5 Ba4 33. b6 Bc6 34. Kf2 Kf7 35. h4 Ke6 36. Kg3 Kf5 {Black mates.} 37. b4 g5 38. b5 Bb7 39. hxg5 Kxg5 40. Kh3 Bc8+ 41. Kg3 h5 42. Kf2 Kg4 43. Kf1 Kg3 44. Kg1 h4 45. Kf1 h3 46. gxh3 Kxh3 47. Ke2 Kg3 48. Kd2 Kf3 49. Kc3 Kxe3 50. Kc4 {Weighted Error Value: White=0.70/Black=0.10} 0-1

[Event "VII Sunway Sitges Open-TB 2020"]
[Site "Sitges"]
[Date "2020.12.23"]
[Round "2.2"]
[White "Moussard, Jules"]
[Black "Santos Latasa, Jaime"]
[Result "1/2-1/2"]
[WhiteElo "2626"]
[BlackElo "2600"]
[Annotator "TA"]
[PlyCount "42"]
[EventDate "2020.12.13"]
[EventType "k.o."]
[EventCountry "ESP"]
[SourceTitle "playchess.com"]
[Source "ChessBase"]
[SourceQuality "1"]

{[%evp 22,42,-7,-16,11,2,30,13,20,16,14,27,67,0,0,0,0,0,0,-7,0,0,0]} 1. Nf3 Nf6 2. b3 e6 3. Bb2 Be7 4. g3 O-O 5. Bg2 d5 6. O-O b6 7. c4 Bb7 8. d3 c5 9. e3 Nc6 10. Qe2 Qc7 11. a3 Rfd8 12. Nbd2 Rd7 {A14: English Opening: 1...e6 with b3 by White.} 13. Rac1 Rad8 14. cxd5 Nxd5 15. Nc4 Bf6 16. Rfd1 Qb8 {[#]} 17. Ne1 $5 $146 {[%mdl 8] New and interesting.} (17. e4 $1 $14) ({Predecessor:} 17. e4 Nc7 18. Bxf6 gxf6 19. e5 Ne8 20. exf6 Nxf6 21. Nfe5 Nxe5 22. Nxe5 Rd4 23. Qe3 {0-1 (44) Kanovsky,D (2455)-Roubalik,J (2399) Czech Republic 2016}) 17... Bxb2 $11 {The position is equal.} 18. Qxb2 h6 19. Nc2 Nde7 20. Ne1 Nd5 21. Nc2 Nde7 {Weighted Error Value: White=0.09/Black=0.12} 1/2-1/2

[Event "VII Sunway Sitges Open-TB 2020"]
[Site "Sitges"]
[Date "2020.12.23"]
[Round "2.2"]
[White "Fier, Alexandr"]
[Black "Nevednichy, Vladislav"]
[Result "1-0"]
[WhiteElo "2558"]
[BlackElo "2546"]
[Annotator "TA"]
[PlyCount "71"]
[EventDate "2020.12.13"]
[EventType "k.o."]
[EventCountry "ESP"]
[SourceTitle "playchess.com"]
[Source "ChessBase"]
[SourceQuality "1"]

{[%evp 12,71,27,22,39,47,37,37,58,43,46,43,46,48,68,62,63,65,82,76,170,140,153,54,154,83,194,206,230,105,370,353,347,314,295,159,161,124,175,-83,-72,-92,-73,-91,-22,-24,0,0,7,0,243,-61,490,491,650,650,2260,1950,29979,29980,29978,29962]} 1. e4 c5 2. Nf3 d6 3. d4 cxd4 4. Nxd4 Nf6 5. Nc3 Nc6 6. f3 e6 7. Be3 h5 {B80: Sicilian Scheveningen: 6 g3 and 6 Be3, including English Attack.} 8. Qd2 a6 9. O-O-O Be7 {White is slightly better.} 10. h3 $5 {[%mdl 4] Exploring less charted territory.} Bd7 11. Bd3 h4 12. f4 Qc7 13. Nf3 b5 14. Kb1 {[#]} Nh5 $146 ({Predecessor:} 14... b4 15. Na4 Rb8 16. Qf2 e5 17. b3 exf4 18. Bxf4 Ne5 19. Nb2 Nxf3 20. gxf3 Nh5 {1-0 (55) Villaescusa Navalon,M-Schwarz,J (2315) ICCF email 2010}) 15. Rhe1 Na5 (15... b4 $16 {was worth a try.}) 16. Qf2 {Threatens to win with Bb6.} Nc4 17. Bc1 (17. Bxc4 $16 {And now Bd3 would win.} Qxc4 18. Rd4) 17... Rb8 (17... Qb6 $14 18. Qxb6 Nxb6) 18. e5 (18. Bxc4 $142 {Bd3 is the strong threat.} Qxc4 19. e5) 18... d5 (18... Qc5 $16 19. Qxc5 dxc5) 19. f5 $1 $18 b4 20. fxe6 (20. Ne2 $1 $18) 20... fxe6 $2 {[%mdl 8192] [#]} (20... Bxe6 $16 21. Ne2 Ng3) 21. Nxd5 $1 {[%mdl 512]} exd5 22. Bg6+ {[%mdl 64] Discovered Attack} Kd8 23. Rxd5 (23. Bg5 $1 $18 Bxg5 24. Nxg5) 23... Kc8 $16 24. Nd4 Rf8 25. Qg1 ({White has to play} 25. Nf5 $1 $18 {[%cal Rf5e7]} Na3+ 26. Ka1 (26. bxa3 bxa3+ 27. Bb2 Rxb2+ $19)) 25... Nf4 $17 26. Bxf4 Rxf4 27. g3 {[#]} Rxd4 28. Qxd4 $11 {[#] Hoping for g4.} Na3+ $1 29. bxa3 bxa3+ 30. Kc1 {Black must now prevent Qd3.} Be6 $2 {[#]} (30... Rb4 $11 {and Black stays safe.} 31. Qe3 Qb7 32. Rc5+ Kb8) 31. Kd2 $2 (31. gxh4 $2 Rb4 $19) ({White must play} 31. Rd6 $1 $18 Qa5 (31... Bg5+ 32. Kd1) 32. Re3) 31... Qc6 $2 {[%mdl 8192] [#]} (31... Rb4 $1 $15 {keeps the upper hand.} 32. Qd3 {[%mdl 64] Double Attack} Bxd5 33. Qxd5 Qd7 34. Qxd7+ Kxd7) 32. Rd6 $1 $18 {[%cal Rd6c6]} Bg5+ {[#]} ({Wrong is} 32... Qg2+ $2 33. Re2) (32... Bxd6 33. exd6) 33. Re3 $1 Qg2+ (33... Qc4 34. Qxc4+) 34. Kc3 {White threatens Qc5+ and mate.} ({Less strong is} 34. Kd3 Qf1+ 35. Kd2 Qf2+ 36. Kc3 (36. Kd3 Qf1+ {[%mdl 64] Double Attack} 37. Kd2 Qf2+ {[%mdl 64] Double Attack, Pin} 38. Kd3 Qf1+ $14 {[%mdl 64] Double Attack}) 36... Qxe3+ $14) 34... Bxe3 35. Rd8+ Kb7 36. Be4+ {Weighted Error Value: White=0.55/Black=0.93} 1-0

[Event "VII Sunway Sitges Open-TB 2020"]
[Site "Sitges"]
[Date "2020.12.23"]
[Round "2.2"]
[White "Checa, Nicolas"]
[Black "Korobov, Anton"]
[Result "1-0"]
[WhiteElo "2527"]
[BlackElo "2683"]
[Annotator "TA"]
[PlyCount "79"]
[EventDate "2020.12.13"]
[EventType "k.o."]
[EventCountry "ESP"]
[SourceTitle "playchess.com"]
[Source "ChessBase"]
[SourceQuality "1"]

{[%evp 23,79,41,49,31,83,72,108,104,111,97,106,99,103,96,175,168,174,162,179,160,235,238,215,212,203,199,204,197,234,235,225,235,233,201,246,266,330,318,308,229,243,236,300,305,288,298,440,435,453,458,456,458,458,458,437,446,409,397]} 1. d4 Nf6 2. c4 g6 3. Nc3 Bg7 4. e4 d6 5. Nf3 O-O 6. Be2 e5 7. O-O Nc6 8. Be3 Ng4 9. Bg5 f6 10. Bh4 g5 11. Bg3 Nh6 12. dxe5 dxe5 13. h3 {E97: King's Indian: Classical Main Line (6...e5 7 0-0 Nc6): 8 Be3 and 8 d5 Ne7, not 9 Ne1.} Nf7 {[#]} ({Better is} 13... Qxd1 $14 14. Raxd1 (14. Rfxd1 g4 $14) 14... Be6) 14. Qb3 $5 $146 {[%mdl 8] An interesting novelty.} ({Predecessor:} 14. Qc2 Nd4 15. Nxd4 exd4 16. Rad1 c6 17. c5 Ne5 18. Bxe5 fxe5 19. Bg4 Bxg4 20. hxg4 {½-½ (56) Ioseliani,N (2499)-Xie,J (2557) Shanghai 2001}) 14... Nd4 15. Nxd4 {White is better.} exd4 16. Nb5 c5 17. Nc7 Rb8 {[#]} 18. Na6 $1 $36 {[%mdl 2560] Black is under strong pressure.} bxa6 (18... Ra8 $16 19. Nxc5 Qe7) 19. Qxb8 $18 Qe7 {[#]} 20. Qc7 $1 {[%cal Rc7e7]} Qxc7 21. Bxc7 f5 (21... Bb7 $16 {might work better.} 22. f3 Rc8) 22. exf5 Bxf5 23. Rfd1 Be5 24. Bxe5 Nxe5 25. Re1 Kg7 26. Bg4 Kf6 27. Bxf5 Kxf5 {[%mdl 4096] Endgame KRR-KRN} 28. b3 a5 29. Re2 d3 30. Re3 Rd8 31. Rd1 a4 32. f3 ({Weaker is} 32. bxa4 d2 $16) 32... a5 33. Kf2 ({Much less strong is} 33. bxa4 $6 h5 $18) 33... axb3 34. axb3 {[%cal Ba2b3,Bb3a4][%mdl 32]} a4 (34... Kf6 $142 35. Re4 Rb8) 35. Rde1 d2 36. Rxe5+ {[%mdl 64] Double Attack} Kf6 37. Re6+ Kf7 38. Re7+ Kf8 39. bxa4 dxe1=Q+ 40. Rxe1 {White took control after the opening.  Weighted Error Value: White=0.05/Black=0.24} 1-0

[Event "VII Sunway Sitges Open-TB 2020"]
[Site "Sitges"]
[Date "2020.12.23"]
[Round "2.3"]
[White "Korobov, Anton"]
[Black "Checa, Nicolas"]
[Result "1-0"]
[WhiteElo "2683"]
[BlackElo "2527"]
[Annotator "TA"]
[PlyCount "57"]
[EventDate "2020.12.13"]
[EventType "k.o."]
[EventCountry "ESP"]
[SourceTitle "playchess.com"]
[Source "ChessBase"]
[SourceQuality "1"]

{[%evp 9,57,-4,33,31,32,28,28,37,41,37,36,28,35,17,48,34,37,32,75,60,111,98,136,119,151,141,212,229,249,239,280,298,285,231,226,225,264,256,735,632,1822,1614,4994,2359,10822,11802,5322,5289,29999,29998]} 1. d4 d5 2. c4 c6 3. Nc3 Nf6 4. cxd5 cxd5 5. Bg5 Nbd7 6. e3 {D10: Slav Defence: 3 cxd5 (without early Nf3) and 3 Nc3.} a6 7. Bd3 e6 8. f4 $5 {[%mdl 4] White has an edge. A promising side line.} Be7 9. Nf3 b5 10. O-O Bb7 {[#]} 11. f5 $146 ({Predecessor:} 11. Ne5 Ne4 12. Bxe7 Qxe7 13. Rc1 O-O 14. Nxe4 Nxe5 15. Ng5 Nxd3 16. Qxd3 g6 17. Nf3 {½-½ (49) Solak,D (2579)-Jovic,S (2292) Novi Sad 2009}) 11... O-O 12. fxe6 fxe6 13. Bf4 Qb6 14. a4 b4 {[#] White now steadily converts the win.} (14... Ne4 $14) 15. a5 $1 $16 Qd8 (15... Qa7 16. Na4) 16. Na4 {And now Ng5 would win.} Nh5 17. Be5 Nxe5 (17... g6 $16 {is a better defense.}) 18. Nxe5 $18 Rxf1+ 19. Qxf1 Nf6 20. Nb6 Ra7 21. Rc1 Bd6 22. h3 Bc7 23. Qf4 h6 $2 (23... Bd6 24. Qh4 Qe8) 24. Qg3 Bxb6 25. axb6 Qxb6 26. Ng4 {[#] Intending Qb8+ and mate.} Nxg4 27. Qb8+ Kf7 28. Rc7+ Kf6 29. Qf8+ {Weighted Error Value: White=0.10/Black=0.53} 1-0

[Event "VII Sunway Sitges Open-TB 2020"]
[Site "Sitges"]
[Date "2020.12.23"]
[Round "2.3"]
[White "Moussard, Jules"]
[Black "Santos Latasa, Jaime"]
[Result "1-0"]
[WhiteElo "2626"]
[BlackElo "2600"]
[Annotator "TA"]
[PlyCount "150"]
[EventDate "2020.12.13"]
[EventType "k.o."]
[EventCountry "ESP"]
[SourceTitle "playchess.com"]
[Source "ChessBase"]
[SourceQuality "1"]

{[%evp 9,150,-5,-14,-18,25,20,25,25,25,20,20,24,14,0,13,4,-16,-7,0,-6,5,-13,-13,-22,12,-12,19,13,10,16,8,10,37,11,47,0,6,8,27,0,204,-3,22,0,8,-9,-15,-9,23,23,23,23,23,18,20,20,186,186,186,180,179,164,146,139,215,155,218,-22,0,0,103,99,169,172,199,182,234,225,215,210,312,272,546,546,546,401,1596,1596,1596,1286,1279,1047,29975,29976,29976,0,0,0,0,0,0,0,0,0,23,0,0,0,0,0,0,0,29982,0,0,0,0,0,0,0,0,0,0,0,0,0,0,0,29980,0,29980,0,29980,0,0,0,0,0,0,0,0,0,0]} 1. f4 b6 2. e4 Bb7 3. Nc3 e6 4. Nf3 d5 5. Bb5+ c6 6. Be2 {[#] B00: Queen's Fianchetto Defence, Nimzowitsch Defence.} Nf6 $146 ({Predecessor:} 6... d4 7. Nb1 c5 8. d3 Nf6 9. O-O Be7 10. a4 Nc6 11. Na3 Qc7 12. Qe1 h6 {1-0 (41) Mamedov,N (2602)-Ipatov,A (2590) Denizli 2013}) 7. e5 Nfd7 8. d4 {White has an edge.} c5 9. Be3 Nc6 10. O-O Be7 11. Bb5 Qc7 12. Ne2 a6 13. Bxc6 Bxc6 14. c3 f5 15. exf6 Nxf6 16. Ne5 Bb5 17. f5 Bxe2 18. Qxe2 exf5 19. Rxf5 O-O 20. Raf1 cxd4 21. cxd4 Bd6 22. Qf3 Ne4 23. g3 Qe7 24. Nf7 Nf6 $2 {[#]} (24... Qe6 $11) 25. Ne5 $2 (25. Nh6+ $1 $18 {[%mdl 512]} gxh6 26. Bxh6) 25... Ne4 26. Qg4 {Rf7 is the strong threat.} Rxf5 (26... Rf6 {seems wilder.} 27. Rxf6 Nxf6 28. Qf5 Rf8 29. Bg5 Qe8) 27. Rxf5 {Threatens to win with Rf7.} Nf6 28. Qf3 Rf8 29. Bg5 {Strongly threatening Bxf6.} Qe6 30. Bxf6 $40 {[%mdl 128] White attacks.} Rxf6 31. Rxf6 gxf6 32. Ng4 f5 {[#]} (32... Kf7 $1 $11) 33. Qxd5 $3 $18 {[%mdl 576] Decoy} Qxd5 34. Nf6+ {[%mdl 64] Double Attack} Kf7 35. Nxd5 {[%mdl 4096] Endgame KB-KN} b5 36. Ne3 f4 (36... Ke6 $16) 37. Nf5 Bb8 (37... Bc7 $16) 38. gxf4 $2 (38. g4 $18) 38... Ke6 39. Ng7+ Kf7 (39... Kd5 $11 {keeps the balance.}) 40. Nh5 $16 Kg6 (40... Ba7 $16 {was called for.}) 41. Ng3 $18 Bxf4 42. Kf2 h5 (42... Kg5 $142 43. Kf3 Bc7) 43. Kf3 Bd6 44. h3 Be7 (44... Bb8 {was worth a try.} 45. Nf1 Kg5) 45. Ke4 Kg5 (45... Bd6 {is a better defense.} 46. Nf5 Bh2 47. Nh4+ Kf6) 46. Nf5 Bf6 47. b3 {[%cal Bb2b3,Bb3a4][%mdl 32]} a5 (47... Bd8 $142 48. Ke5 Kg6) 48. a4 bxa4 49. bxa4 Bd8 50. d5 Bf6 51. d6 Bd8 52. d7 $2 (52. Nd4 Bb6 53. d7 Kh6 54. Nc6 Kg5 55. d8=Q+ Bxd8 56. Nxd8 Kh4 57. Nc6) 52... Kf6 $11 53. Nd4 (53. Nd6 {is interesting.} Ke6 54. Nc4 Bc7 55. Nd2 Bd8 56. Kd4) 53... Ke7 54. Nc6+ (54. Kd5 {looks sharper.} Kxd7 55. Kc5 Bf6 56. Nb3 Bc3 57. Kc4) 54... Kxd7 55. Nxd8 Kxd8 {KPP-KPP} 56. Kf5 (56. h4 {is interesting.} Kd7 57. Kd5 Kc7 58. Kc5 Kd7 59. Kb5) 56... Ke7 57. Kg5 (57. Ke5 {with more complications.} h4 58. Kd5 Kf6 59. Kc6 Kf5 60. Kb6) 57... Ke6 58. Kg6 h4 59. Kg5 Ke5 60. Kxh4 {KPP-KP} (60. Kg4 {keeps more tension.} Ke4 61. Kxh4 Kf4 62. Kh5 Kf5 63. Kh6) 60... Kf4 61. Kh5 Kf5 62. h4 Kf6 $1 63. Kg4 {White threatens Kf4 and mate.} Kg6 64. Kf4 {Intending Ke4 and mate.} Kh5 65. Kg3 (65. Ke3 {feels hotter.} Kxh4 66. Kd4 Kg5 67. Kd5 Kg6 68. Kc4) 65... Kg6 66. Kh3 {aiming for Kg4.} Kh5 (66... Kf5 {keeps more tension.} 67. Kg3 Kg6) 67. Kg3 Kh6 68. Kg4 Kh7 $2 {[%mdl 8192]} (68... Kg6 $11) 69. h5 $2 (69. Kf5 Kh6 70. Ke5 (70. Kg4 Kg6 $11) 70... Kh5 71. Kd4 Kxh4 72. Kc4 Kg5 73. Kb5 Kf6 74. Kxa5) 69... Kg8 $2 {[%mdl 8192]} (69... Kg7 $11) 70. Kg5 $2 (70. Kf5 Kg7 71. Ke5 (71. Kg5 Kh7 $11) 71... Kh6 72. Kd5 Kxh5 73. Kc5 Kg6 74. Kb5 Kf7 75. Kxa5) 70... Kh8 $2 {[%mdl 8192]} (70... Kg7 $11) 71. h6 $2 (71. Kf6 {mates} Kh7 72. Ke6 (72. Kg5 Kg7 $11) 72... Kh6 73. Kd5 Kxh5 74. Kc5 Kg6 75. Kb5 Kf7 76. Kxa5) 71... Kg8 {The position is equal.} 72. Kh4 {And now Kg4 would win.} Kh7 73. Kg5 Kg8 74. Kh5 Kh7 75. Kg5 Kg8 {[%mdl 32768] Weighted Error Value: White=0.30/Black=0.50. Sensor Board Error (Ke4/e5)?} 1-0